Statistiken für Trainer der Bundesliga 2022/23

Klicken Sie hier um das Quiz zu spielen!

Allgemein

  • Dieses Quiz wurde 85 mal gespielt
  • Das Durchschnittsergebnis liegt bei 13 aus 18

Antwortstatistiken

VereinAmtszeitTrainer% Korrekt
SC Freiburg01.01.2012 - ?Christian Streich
100%
FC Bayern München01.07.2021 - 24.03.2023Julian Nagelsmann
99%
1. FC Union Berlin01.07.2018 - ?Urs Fischer
94%
1. FC Köln01.07.2021 - ?Steffen Baumgart
90%
Eintracht Frankfurt01.07.2021 - 30.06.2023Oliver Glasner
89%
Borussia Dortmund01.07.2022 - ?Edin Terzić
87%
VfL Bochum06.09.2019 - 12.09.2022Thomas Reis
85%
1. FSV Mainz 0504.01.2021 - ?Bo Svensson
82%
Borussia Mönchengladbach01.07.2022 - ?Daniel Farke
82%
VfL Wolfsburg01.07.2022 - ?Niko Kovač
78%
Bayer 04 Leverkusen01.07.2021 - 05.10.2022Gerardo Seoane
70%
Werder Bremen28.11.2021 - ?Ole Werner
68%
FC Augsburg01.07.2022 - ?Enrico Maaßen
62%
VfB Stuttgart30.12.2019 - 10.10.2022Pellegrino Matarazzo
61%
RB Leipzig09.12.2021 - 07.09.2022Domenico Tedesco
58%
Hertha BSC01.07.2022 - 16.04.2023Sandro Schwarz
58%
TSG 1899 Hoffenheim01.07.2022 - 06.02.2023André Breitenreiter
43%
FC Schalke 0401.07.2022 - 19.10.2022Frank Kramer
42%

Verteilung der Resultate

Perzentil nach korrekt beantworteten Fragen

Anzahl Personen mit jedem Resultat

Ihre Resultats-Entwicklung

Sie haben dieses Quiz noch nicht gespielt